Financial feasibility studies for property development: theory and practice

Salvato in:
Dettagli Bibliografici
Autore principale: HAVARD, Tim
Natura: Libro
Lingua:inglese
Pubblicazione: Routledge, 2014.
Tags: Aggiungi Tag
Nessun Tag, puoi essere il primo ad aggiungerne!!

MARC

LEADER 00000nam a22000007a 4500
008 211021b ||||| |||| 00| 0 eng d
020 |a  978-0-415-65917-8 
100 |a HAVARD, Tim. 
245 |a Financial feasibility studies for property development:   |b theory and practice  |c Tim Havard  |g  xviii, 270p. 
260 |b Routledge,   |c 2014.   |h  New York  |i 689960   |l HD1390 .H26  |m Real estate development – Finance.  |m Real property – Valuation.  |m Real estate development – Finance – Case studies.  |m Real property – Valuation – Case studies.  |m Real estate development – Case studies.  |m Title. 
500 |a “Includes bibliographical references and index”. 
942 |a lcc  |c BK  |e j. o. ifatola  |f 21/ 10/ 2021 
952 |0 0  |1 0  |2 lcc  |4 0  |6 HD1390 H26  |7 0  |9 3656  |a HOL  |b HOL  |c GJ  |d 2021-10-21  |l 0  |o HD1390 .H26  |p 2021-67392  |r 2021-10-21 00:00:00  |w 2021-10-21  |y BK 
999 |c 1814  |d 1814